Vybrané štatistické ukazovatele za oblasť vysokého školstva na Slovensku v roku 2017
Základné štatistické ukazovatele za oblasť vysokého školstva na Slovensku v roku 2017. Údajov, ktoré v ročnej periodicite zbiera CVTI SR (študenti, absolventi vysokej školy podľa typu školy, študovaného odboru (skupiny odborov), stupňa štúdia a pod.). Základné údaje o nezamestnanosti absolventov slo...
Uložené v:
| Hlavný autor: | |
|---|---|
| Médium: | Kapitola |
| Jazyk: | Slovak |
| Predmet: | |
| Tagy: |
Žiadne tagy, Buďte prvý, kto otaguje tento záznam!
|
MARC
| LEADER | 00000naa a2200000 4500 | ||
|---|---|---|---|
| 001 | 0243890 | ||
| 005 | 20220715112415.0 | ||
| 041 | 0 | |a slo | |
| 044 | |a SK | ||
| 245 | 1 | 0 | |a Vybrané štatistické ukazovatele za oblasť vysokého školstva na Slovensku v roku 2017 |c František Blanár |
| 520 | |a Základné štatistické ukazovatele za oblasť vysokého školstva na Slovensku v roku 2017. Údajov, ktoré v ročnej periodicite zbiera CVTI SR (študenti, absolventi vysokej školy podľa typu školy, študovaného odboru (skupiny odborov), stupňa štúdia a pod.). Základné údaje o nezamestnanosti absolventov slovenských vysokých škôl v roku 2017. | ||
| 610 | 2 | 0 | |a Slovensko |
| 610 | 2 | 0 | |a ukazovatele štatistické |
| 610 | 2 | 0 | |a študenti |
| 610 | 2 | 0 | |a nezamestnanosť |
| 610 | 2 | 0 | |a absolventi |
| 100 | 1 | |a Blanár, František | |